Movies Quiz

Random Movies or Actor Quiz

Tony Curtis - American Prince Quiz Stats

 Plays Quiz not verified by Sporcle

Score 0/112 Timer 05:00
0 Plays Today
Year Film % Correct
1959Some Like It Hot
83.3%
1953Houdini
66.7%
1960Spartacus
65.9%
1968The Boston Strangler
65.9%
1957Sweet Smell of Success
60.3%
1965The Great Race
60.3%
1958The Defiant Ones
54%
1962Taras Bulba
42.1%
1958The Vikings
39.7%
1959Operation Petticoat
39.7%
1956Trapeze
38.1%
1975Lepke
37.3%
1980The Mirror Crack'd
27%
1964Goodbye Charlie
25.4%
1965Boeing (707) Boeing (707)
25.4%
1961The Great Imposter
24.6%
1950Winchester '73
23%
1976The Last Tycoon
22.2%
1949Criss Cross
21.4%
1964Sex and the Single Girl
20.6%
1960The Rat Race
19.8%
1958Kings Go Forth
15.9%
1960Who Was That Lady?
15.9%
1963The List of Adrian Messenger
15.9%
1954The Black Shield of Falworth
15.1%
1957Mister Cory
15.1%
1969Monte Carlo or Bust!
15.1%
1967Don't Make Waves
13.5%
1963Captain Newman, MD
12.7%
1970You Can't Win 'Em All
12.7%
1961The Outsider
11.9%
1952Son of Ali Baba
11.1%
1982Othello
10.3%
1964Paris When It Sizzles
9.5%
1953Forbidden
8.7%
196240 Pounds of Trouble
8.7%
1975The Count of Monte-Cristo
8.7%
1985Insignificance
8.7%
Year Film % Correct
1955The Purple Mask
7.9%
1955The Rawhide Years
7.9%
1968Rosemary's Baby
7.9%
1955Six Bridges to Cross
7.1%
1978The Manitou
7.1%
1978The Bad News Bears Go to Japan
7.1%
1950Kansas Raiders
6.3%
1966Not with My Wife, You Don't!
6.3%
1989Midnight
6.3%
1952No Room for the Groom
5.6%
1954Johnny Dark
5.6%
1955So This is Paris
5.6%
1949City Across the River
4.8%
1970Suppose They Gave a War and Nobody Came?
4.8%
1951The Prince Who Was a Thief
4%
1950Francis
3.2%
1950Sierra
3.2%
1954Beachhead
3.2%
1955The Square Jungle
3.2%
1968The Chastity Belt
3.2%
1980Little Miss Marker
3.2%
1950I Was a Shoplifter
2.4%
1952Flesh and Fury
2.4%
1964Wild and Wonderful
2.4%
1966Drop Dead Darling
2.4%
1986Balboa
2.4%
1989Lobster Man From Mars
2.4%
1993Naked in New York
2.4%
1995The Immortals
2.4%
1999Play It to the Bone
2.4%
1949The Lady Gambles
1.6%
1949Johnny Stool Pigeon
1.6%
1978Sextette
1.6%
1991Prime Target
1.6%
1992Christmas in Connecticut
1.6%
1978The Users
0.8%
1979Title Shot
0.8%
1980The Scarlett O'Hara War
0.8%
Year Film % Correct
1983BrainWaves
0.8%
1993The Mummy Lives
0.8%
1949How to Smuggle a Hernia Across the Border
0%
1950Woman in Hiding
0%
1953The Winning Way
0%
1957Appointment with a Shadow
0%
1958Strictly for Pleasure
0%
1966Chamber of Horrors
0%
1973The Third Girl from the Left
0%
1975The Big Rip-Off
0%
1977The Rise and Rise of Casanova
0%
1980It Rained All Night the Day I Left
0%
1981Inmates: A Love Story
0%
1981The Million Dollar Face
0%
1982Portrait of a Showgirl
0%
1983Where is Parsifal?
0%
1986Mafia Princess
0%
1986Club Life
0%
1986Banter
0%
1986Murder in Three Acts
0%
1987Sparky's Magic Piano
0%
1988Der Passagier - Welcome to Germany
0%
1989Charlie
0%
1989Tarzan in Manhattan
0%
1989Walter & Carlo i Amerika
0%
1990Thanksgiving Day
0%
1992Center of the Web
0%
1994Bandit: Beauty and the Bandit
0%
1994A Perry Mason Mystery: The Case of the Grimacing Governor
0%
1997Brittle Glory
0%
1997Hardball
0%
1998Stargames
0%
1998Louis and Frank
0%
2002Reflections of Evil
0%
2007The Blacksmith and the Carpenter
0%
2008David & Fatima
0%

You're not logged in!

Compare scores with friends on all Sporcle quizzes.
OR
Log In

Sporcle TV

Today on Sporcle TV


Watch our educational content, quiz creation guides, and fun videos on Sporcle TV.

Show Comments

Extras

Top Quizzes Today


Score Distribution

Your Account Isn't Verified!

In order to create a playlist on Sporcle, you need to verify the email address you used during registration. Go to your Sporcle Settings to finish the process.

Report this User

Report this user for behavior that violates our Community Guidelines.

Details: